书目信息 |
| 题名: |
张择瑞清明上河图
|
|
| 作者: | 张择瑞 , 张择瑞 绘 ;上海市书画出版社 编 | |
| 分册: | ||
| 出版信息: | 上海 上海书画出版社 2017 |
|
| 页数: | 59页 | |
| 开本: | 31cm | |
| 丛书名: | 中国绘画名品 | |
| 单 册: | ||
| 中图分类: | J222.441 , J222.44 | |
| 科图分类: | ||
| 主题词: | 中国画--风俗画--中国--北宋 | |
| 电子资源: | ||
| ISBN: | 978-7-5479-1678-0 | |
| 000 | 01135oam2 2200277 450 | |
| 001 | 2443735215 | |
| 005 | 20240108181807.73 | |
| 010 | @a978-7-5479-1678-0@dCNY128.00 | |
| 100 | @a20190406d2017 em y0chiy50 ea | |
| 101 | 0 | @achi |
| 102 | @aCN@b310000 | |
| 105 | @aa z 000yy | |
| 200 | 1 | @a张择瑞清明上河图@Azhang ze rui qing ming shang he tu@f张择瑞著@FZhang Ze Rui Zhu |
| 210 | @a上海@c上海书画出版社@d2017 | |
| 215 | @a59页@d31cm | |
| 225 | 2 | @a中国绘画名品@v37 |
| 330 | @a《中国绘画名品》为上海书画出版社继《中国书法名品》后的又一以中国美术史中经典作品为主体的系列丛书,选取了自魏晋至清末的经典绘画作品,以单幅作品、同画家的作品、同主题的作品、同题材的作品等为个体。每本均由整幅拉页及分段赏析两部分组成,在分段赏析部分通过文字导读。本册为《张择瑞清明上河图》。 | |
| 410 | 0 | @12001 @a中国绘画名品 |
| 606 | 0 | @a中国画@x风俗画@y中国@z北宋 |
| 690 | @aJ222.441@v5 | |
| 690 | @aJ222.44@v4 | |
| 701 | 0 | @c(宋)@a张择瑞@Azhang ze rui@f(1085-1145)@4绘 |
| 701 | 0 | @a张择瑞@AZhang Ze Rui@4著 |
| 712 | 02 | @a上海市书画出版社@Ashang hai shi shu hua chu ban she@4编 |
| 801 | 0 | @aCN@b91MARC@c20190406 |
| 905 | @aBZT@dJ222.44@e3 | |
| 张择瑞清明上河图/张择瑞著.-上海:上海书画出版社,2017 |
| 59页;31cm.-(中国绘画名品;37) |
| ISBN 978-7-5479-1678-0:CNY128.00 |
| 《中国绘画名品》为上海书画出版社继《中国书法名品》后的又一以中国美术史中经典作品为主体的系列丛书,选取了自魏晋至清末的经典绘画作品,以单幅作品、同画家的作品、同主题的作品、同题材的作品等为个体。每本均由整幅拉页及分段赏析两部分组成,在分段赏析部分通过文字导读。本册为《张择瑞清明上河图》。 |
| ● |
| 相关链接 |
|
|
|
正题名:张择瑞清明上河图
索取号:J222.44/3
 
预约/预借
| 序号 | 登录号 | 条形码 | 馆藏地/架位号 | 状态 | 备注 |
| 1 | 2001734306 | 2001734306 | 辽三/辽宁北配(第三批)/4541/ [索取号:J222.44/3] | 在馆 | |
| 2 | 2001734307 | 2001734307 | 辽三/辽宁北配(第三批)/4541/ [索取号:J222.44/3] | 在馆 | |
| 3 | 2001734308 | 2001734308 | 辽三/辽宁北配(第三批)/4541/ [索取号:J222.44/3] | 在馆 | |
| 4 | 2001734309 | 2001734309 | 辽三/辽宁北配(第三批)/4541/ [索取号:J222.44/3] | 在馆 | |
| 5 | 2001734310 | 2001734310 | 辽三/辽宁北配(第三批)/4541/ [索取号:J222.44/3] | 在馆 | |
| 6 | 2001734311 | 2001734311 | 辽三/辽宁北配(第三批)/4541/ [索取号:J222.44/3] | 在馆 |